Statistics for How well do you know imi quiz

Click here to take the quiz!

General Stats

  • This quiz has been taken 6 times
  • The average score is 4 of 10

Answer Stats

QuestionAnswer% Correct
Whats imi's favourite coloursage green
83%
whats imis cat calledtwiggy
67%
how many siblings does imi have3
50%
what star sign is imiaquarius
50%
who is imi's celebrity crushbenedict cumberbatch
50%
whats imis birthday25th january
33%
how did imis hamster dieexploded
33%
what is imi most scared ofiveta
33%
whats imis favourite number9
17%
whats imis favourite tv showsherlock
17%

Score Distribution

Percentile by Number Answered

Percent of People with Each Score

Your Score History

You have not taken this quiz